icelandic football - Statistics

General Stats
  • This quiz has been taken 22 times
  • The average score is 9 of 13
Answer Stats
Hint Answer % Correct
begins with k kr
100%
begins with b breidablik
91%
begins with i ia
91%
begins with v vestri
91%
begins with s stjarnan
82%
begins with v valur
82%
begins with f fh
73%
begins with f fram
73%
begins with k ka
73%
begins with a afturelding
64%
begins with i ibv
64%
begins with t thor
27%
begins with v vikes
9%
No matching quizzes found
Score Distribution
Percent of People with Each Score
Percentile by Number Answered
Your Score History
You have not taken this quiz